000 02226cam a22004574i 4500
003 PE-LiUPU
005 20250731173435.0
008 150616s r 000 0 d
035 _a(Sirsi) a549
040 _aPE-LiUPU
_bspa
_cPE-LiUPU
_erda
049 _aPRUA
082 0 4 _a284.2
_bC18
_221
100 1 _aCalvin, John,
_d1509-1564,
_eautor.
245 1 0 _aInstitutes of the christian religion /
_cJean Calvin.
264 1 _aMichigan :
_bWM. B. Eerdmans Publishing Company,
_c1949.
300 _a812 páginas :
_bilustraciones ;
_c24 cm
336 _atext
_2rdacontent
337 _aunmediated
_2rdamedia
338 _avolume
_2rdacarrier
504 _aNota Bibliografica.
505 0 _aThe connection between the knowledge of God and the knowledge of ourselves -- The nature and tendency of the knowledge of God -- The mind of man neturally endued with the knowledge of God -- This knowledge extinguished or corrupted, partly by ignorance, partly by wickednees -- The knowledge of God the world -- The guidance and teaching of the scripture necessary to lead to the knowledge of God the creator -- The testimony of the spirit necessary to confirm the scripture -- Rational proofs to establish the belief of the scripture -- The fanaticism which discards the Scripture -- All idolatrous worship discountenanced in the Scripture -- Unlawfilnees of ascribing to God a visible form -- God contradistinguished from idols -- One divine essence.
526 _aSEG42
526 _aSEG41
526 _aSEG40
526 _aSEG39
526 _aP94
526 _aP87
526 _aP86
526 _aP85
526 _aP77
526 _aP76
526 _aP35
600 1 _aCalvino, Juan,
_d1509-1564.
_qCalvin, Jean
_xObras
910 _ajck
_bjvq
_cjck
942 _2ddc
_cBOOK
949 _a284.2 C18
_wDEWEY
_c1
_i10896
_lCCODEBUL1
_mBUL
_p00.00
_r0
_sY
_tBOOK
_u19930510
_xTEOLOGIA
_zUNKNOWN
_0COMPRA
_o.STAFF. Colección General
994 _aC0
_bPEPRU
596 _a1
999 _a284.2 C18
_wDEWEY
_c56523
_i10896
_d56523
_f2021-11-11
_g5
_lCCODEBUL1
_mBUL
_q1
_r0
_sY
_tBOOK
_u2015-6-16
_xTEOLOGIA
_zUNKNOWN
_0COMPRA
_o.STAFF. Colección General
980 _81
_gALBERTO SANCHEZ Responsable de Automatización